Open Data Biblioteca Nacional de Portugal


República Portuguesa: Ministério da Cultura
Biblioteca Nacional de Portugal

Catálogo da BNP: acesso por Identificadores Unívocos
Registos Bibliográficos associados ao registo de autoridade

Etiqueta de registo: 00254nam 2200025 450
001 2288948
003 http://id.bnportugal.gov.pt/bib/catbnp/2288948
010 ## $a978-972-0-73130-2
021 ## $aPT$b561814/26
100 ## $a20260626d2026 a y0pory01030103ba
101 1# $apor$ceng
102 ## $aPT
105 ## $aa z 000ay
106 ## $ar
200 1# $a A mansão diabólica$fSteve Jackson$gil. Ian Miller, Tim Sell$gadapt. Francisco Afonso
205 ## $a1ª ed
210 #9 $aPorto$cPorto Editora,$d2026
215 ## $a1 v.$cil.$d20 cm
225 2# $aFighting fantasy$v7
304 ## $aTít. orig.: House of Hell
700 #1 $aJackson,$bSteve,$f1951-$330718
702 #1 $aMiller,$bIan,$f1946-$4440$32001829
702 #1 $aSell,$bTim$4440$396814
702 #1 $aAfonso,$bFrancisco$4010$32308
801 #0 $aPT$bBN$gRPC
966 ## $lBN$mFGMON$x1
966 ## $lBN$mFGMON$x1
971 ## $corlando$d20260626

OpendataBNP@bnportugal.pt | Mais informação sobre acesso aos dados BNP